00537nam a22001697a 450000500170000001000150001702000260003203500140005803700130007208200100008524500990009526000420019427000370023630000280027350000430030170000230034420180419101648.0 aENG-122514 a9789383166152c850.00 aEN-106046 bDBAD/PUB a863.1 aGitanjali Reborn:ced. by Martin Kampchenb William Radice's writings on Rabindranath Tagore / aNew DelhibSocial Science Pressc2017 a69, Jor Bagh,bNew Delhie110003 a236p.bill. c21cm.(Hb) aInclude photo essay by Martin Kampchen dKampchen, Martin